PLANT biotechnology

Bibliographic Details
Other Authors: Mantell, Smith 1935-
Format: Book
Published: Cambridge [Cambridgeshire] ; New York : Cambridge University Press , 1983, 1986
Series:Seminar series (Society for Experimental Biology (Great Britain)) ; 18
Subjects:

MARC

LEADER 00000cam a2200000 7i4500
001 0000002143
005 20021127.0
020 0 0 |a 0521287820 
090 0 0 |a 630   |b PLA 1986 
245 0 0 |a PLANT biotechnology   |c edited by S.H. Mantell and H. Smith 
260 0 0 |a Cambridge [Cambridgeshire] ; New York :   |b Cambridge University Press ,   |c 1983, 1986 
300 |a xii, 334 p. :   |b ill. ;   |c 24 cm. 
440 0 0 |a Seminar series (Society for Experimental Biology (Great Britain)) ; 18 
500 0 0 |a Includes bibliographies and index 
650 0 0 |a Germplasm resources, Plant 
650 0 0 |a Plant biotechnology 
650 0 0 |a Plant cell culture 
650 0 0 |a Plant tissue culture 
700 0 1 |a Mantell   |h S. H. 
700 0 1 |a Smith   |h H. (Harry) ,   |c 1935- 
998 |a JPSM 
999 |a 0000003547   |b Monograph   |c Open Shelf   |e Default branch